| 000 | 00450nam a2200181Ia 4500 | ||
|---|---|---|---|
| 008 | 240925s9999 xx 000 0 und d | ||
| 020 | _aNA | ||
| 082 | _a181.07 SHA | ||
| 100 | _aSharif, M.M. | ||
| 245 | 2 | _aA History of Muslim Philosophy | |
| 250 | _aNA | ||
| 260 |
_aKarachi: _bRoyal Books _c,1983. |
||
| 300 |
_a276p. _bI _fOriginal |
||
| 500 | _aIncludes Index | ||
| 600 | _aHumanities & Natural Science | ||
| 650 | _aPhilosophy | ||
| 942 | _cBK | ||
| 999 |
_c2944 _d2944 |
||